Global sociology in different disciplinary practices: current conditions, problems and perspectives /

সংরক্ষণ করুন:
গ্রন্থ-পঞ্জীর বিবরন
প্রধান লেখক: Sorokin, Pavel
বিন্যাস: গ্রন্থ
ভাষা:English
ট্যাগগুলো: ট্যাগ যুক্ত করুন
কোনো ট্যাগ নেই, প্রথমজন হিসাবে ট্যাগ করুন!

MARC

LEADER 00000nam a22000007a 4500
003 cru CIDCACS/IIS
005 20200925161135.0
007 ta
008 161110t2016 xxu||||| |||| 00| 0 eng d
040 |c CRAI/IIS  |a CRAI/IIS 
100 1 |9 430  |a Sorokin, Pavel 
245 1 |a Global sociology in different disciplinary practices:  |b current conditions, problems and perspectives /  |c Pavel Sorokin 
300 |a páginas 41-59 
773 0 |0 18701  |9 130  |d Los Angeles: SAGE Publications  |o R19012  |t Current Sociology /  |x 00113921 
942 |2 ddc  |c PP 
999 |c 18714  |d 18714